| 000 | 00731nam a22002177a 4500 | ||
|---|---|---|---|
| 003 | OSt | ||
| 005 | 20260512155743.0 | ||
| 008 | 260512b |||||||| |||| 00| 0 eng d | ||
| 020 | _a9780241507933 | ||
| 040 | _aKenya National Library Service | ||
| 082 | _a823.8 STE | ||
| 100 |
_aStevenson, Robert Louis, _eauthor. |
||
| 245 |
_aTreasure island / _cRobert Louis Stevenson. |
||
| 300 |
_a302 pages : _billustrations ; _c19 cm. |
||
| 520 | _aYoung Jim Hawkins discovers a treasure map and embarks on a dangerous voyage filled with pirates, mutiny, and buried treasure. | ||
| 650 | _aAdventure stories. | ||
| 650 | _aSea stories. | ||
| 942 |
_2ddc _cBK _n0 |
||
| 999 |
_c492734 _d492734 |
||